Statistics for County Seats Of Indiana

Click here to take the quiz!

General Stats

  • This quiz has been taken 96 times
  • The average score is 56 of 92

Answer Stats

CountySeat% Correct
MarionIndianapolis
100%
AllenFort Wayne
96%
St. JosephSouth Bend
96%
VanderburghEvansville
93%
VigoTerre Haute
89%
MadisonAnderson
85%
MonroeBloomington
85%
HowardKokomo
85%
TippecanoeLafayette
85%
DelawareMuncie
85%
BartholomewColumbus
81%
ShelbyShelbyville
81%
JohnsonFranklin
78%
ElkhartGoshen
78%
BooneLebanon
78%
WayneRichmond
78%
MontgomeryCrawfordsville
74%
BrownNashville
74%
HamiltonNoblesville
74%
MiamiPeru
74%
JasperRensselaer
74%
DaviessWashington
74%
SteubenAngola
70%
ClayBrazil
70%
ClarkJeffersonville
70%
CassLogansport
70%
MorganMartinsville
70%
KosciuskoWarsaw
70%
HendricksDanville
67%
CarrollDelphi
67%
DecaturGreensburg
67%
GrantMarion
67%
HenryNew Castle
67%
RushRushville
67%
KnoxVincennes
67%
______Wabash
67%
PutnamGreencastle
63%
_________Huntington
63%
_______LaPorte
63%
FloydNew Albany
63%
RandolphWinchester
63%
DeKalbAuburn
59%
LawrenceBedford
59%
HarrisonCorydon
59%
AdamsDecatur
59%
ClintonFrankfort
59%
BlackfordHartford City
59%
ScottScottsburg
59%
OwenSpencer
59%
PerryTell City
59%
______Tipton
59%
WhitleyColumbia City
56%
LakeCrown Point
56%
HancockGreenfield
56%
DuboisJasper
56%
StarkeKnox
56%
DearbornLawrenceburg
56%
OrangePaoli
56%
OhioRising Sun
56%
FultonRochester
56%
PorterValparaiso
56%
GreeneBloomfield
52%
FayetteConnersville
52%
________LaGrange
52%
UnionLiberty
52%
JeffersonMadison
52%
PoseyMount Vernon
52%
JayPortland
52%
________Sullivan
52%
WellsBluffton
48%
CrawfordEnglish
48%
BentonFowler
48%
MarshallPlymouth
48%
PulaskiWinamac
48%
JacksonBrownstown
44%
ParkeRockville
44%
JenningsVernon
44%
WarrickBoonville
41%
FranklinBrookville
41%
FountainCovington
41%
WhiteMonticello
41%
VermillionNewport
41%
MartinShoals
41%
RipleyVersailles
41%
SwitzerlandVevay
41%
NobleAlbion
37%
NewtonKentland
37%
PikePetersburg
37%
SpencerRockport
37%
WashingtonSalem
37%
WarrenWilliamsport
37%
GibsonPrinceton
33%

Score Distribution

Percentile by Number Answered

Percent of People with Each Score

Your Score History

You have not taken this quiz